000 00596nas a2200217 4500
001 BR0707951
003 BR-BrBNA
005 20231205111413.0
007 ta
008 230509b bl.|||p| |||| 00| 00por d
040 _aBR-BrBNA
_bpor
_cBiblioteca Nacional de Agricultura
041 _a(Pt)
072 _aK50
100 1 _aSchiavini, R.
245 1 _aA importancia da ergonomia no design
650 _aMADEIRA
650 _aMÓVEL
773 0 _tRevista da Madeira (Brazil)
_x
_g(Apr 2005), v. 15(89) p. 43-45
_wBR0707951
909 _a202311
_bLúcia
_c55
_dLúcia Elande
942 _2AGRIS
_n0
_cANA
999 _c192522
_d192522